000 00875nam a2200253Ia 4500
001 dia_4376
003 CHAP
005 20230309221403.0
008 220117s1984 xx 000 0 und d
010 _a175027
040 _cCHAP
090 _aFOLLETO 2282
100 _aSistema nacional para el abasto. México
_9147856
245 _aDiagnóstico para la instalación de centros de acopio, estado de México frutas y hortalizas /
_c Sistema nacional para el abasto
260 _aMéxico :
_b Sistema nacional para el abasto,
_c1984
300 _aS.p.
500 _aS/c
650 _aFrutas y hortalizas
_xEstado de México
_xEstadísticas
_9155821
700 _aSecretaría de agricultura y recursos hidráulicos. México
901 _aFOLLETO 2282
902 _aM
905 _a0000001984 mx 0000000000spa00
942 _cFOLL
_2local
999 _c175027
_d175027